00747 a2200205 4500952014700000999001700147003000400164005001700168008004100185020001800226040000900244082001700253100002500270245012300295250000900418260003300427300001400460700002700474942004000501 00102ddc40708TOURISMaMESbMEScTOURISM d2022-10-11e54g628.00l0o658.4 KOO/Fp41656r2022-10-11 00:00:00v785.00w2022-10-11yBKzU2R3 c41610d41610OSt20221010155908.0221010b ||||| |||| 00| 0 eng d a9789339222864 coclc a658.4bKOO/F 91318aKoontz, Harold a Essentials of management :bAn international, innovation, and leadership perspective /cHarold Koontz, Heinz Weihrich a10 e aChennai:bMagrawhill,c2018. a496 pages 91269aWeihrich, Heinz  2ddccBKh658.4iKOO/Fk658.4mKOO/F